Text book of Fluid Mechanics and Hydraulic Machines (Record no. 10611)

MARC details
000 -LEADER
fixed length control field 00347nam a22001457a 4500
003 - CONTROL NUMBER IDENTIFIER
control field OSt
008 - FIXED-LENGTH DATA ELEMENTS--GENERAL INFORMATION
fixed length control field 210401b ||||| |||| 00| 0 eng d
100 ## - MAIN ENTRY--PERSONAL NAME
Personal name RAJPUT,RK
245 ## - TITLE STATEMENT
Title Text book of Fluid Mechanics and Hydraulic Machines
250 ## - EDITION STATEMENT
Edition statement Rep
260 ## - PUBLICATION, DISTRIBUTION, ETC. (IMPRINT)
Place of publication, distribution, etc New Delhi
Name of publisher, distributor, etc S.Chand
Date of publication, distribution, etc 2014
300 ## - PHYSICAL DESCRIPTION
Extent MISC
650 ## - SUBJECT ADDED ENTRY--TOPICAL TERM
Topical term or geographic name as entry element ME
942 ## - ADDED ENTRY ELEMENTS (KOHA)
Source of classification or shelving scheme Dewey Decimal Classification
Koha item type Text Books
942 ## - ADDED ENTRY ELEMENTS (KOHA)
-- 32
Holdings
Withdrawn status Lost status Source of classification or shelving scheme Damaged status Not for loan Collection code Home library Current library Date acquired Source of acquisition Currency Cost, normal purchase price Bill Number Total Checkouts Full call number Acc. no. / Barcode Date last seen Date last borrowed Actual Cost, discounted price Bill Date Koha item type
    Dewey Decimal Classification     B.Tech(ME) PIET C-LIBRARY PIET C-LIBRARY 17/02/2015 Kirti Praskshan IN Rupees 850.00 IN2228 5 621.26 RAT 25406 30/06/2022 08/06/2022 654.50 17/02/2015 Text Books
    Dewey Decimal Classification     B.Tech(ME) PIET C-LIBRARY PIET C-LIBRARY 17/02/2015 Kirti Praskshan IN Rupees 850.00 IN2228 8 621.26 RAT 25407 21/06/2023 19/06/2023 654.50 17/02/2015 Text Books
    Dewey Decimal Classification     B.Tech(ME) PIET C-LIBRARY PIET C-LIBRARY 17/02/2015 Kirti Praskshan IN Rupees 850.00 IN2228 4 621.26 RAT 25408 04/07/2022 15/06/2022 654.50 17/02/2015 Text Books
    Dewey Decimal Classification     B.Tech(ME) PIET C-LIBRARY PIET C-LIBRARY 17/02/2015 Kirti Praskshan IN Rupees 850.00 IN2228 4 621.26 RAT 25409 04/07/2022 20/06/2022 654.50 17/02/2015 Text Books
    Dewey Decimal Classification     B.Tech(ME) PIET C-LIBRARY PIET C-LIBRARY 17/02/2015 Kirti Praskshan IN Rupees 850.00 IN2228 3 621.26 RAT 25410 13/07/2022 08/06/2022 654.50 17/02/2015 Text Books
    Dewey Decimal Classification     B.Tech(ME) PIET C-LIBRARY PIET C-LIBRARY 17/02/2015 Kirti Praskshan IN Rupees 850.00 IN2228 5 621.26 RAT 25411 01/07/2022 27/06/2022 654.50 17/02/2015 Text Books
    Dewey Decimal Classification     B.Tech(ME) PIET C-LIBRARY PIET C-LIBRARY 17/02/2015 Kirti Praskshan IN Rupees 850.00 IN2228 2 621.26 RAT 25412 24/04/2023 07/04/2023 654.50 17/02/2015 Text Books
    Dewey Decimal Classification     B.Tech(ME) PIET C-LIBRARY PIET C-LIBRARY 17/02/2015 Kirti Praskshan IN Rupees 850.00 IN2228 3 621.26 RAT 25413 28/06/2022 08/06/2022 654.50 17/02/2015 Text Books

Design & Developed by: PIET Central Library
R70 Miles Stone Pattikalyana Samalkha Panipat 132102
mail ID :- [email protected], Phone No:- 0180-2569700 Ex.216